000 00296nam a22001337a 4500
020 _qPB.
040 _cFIZZA ISHAQ
082 _a624.2
_bLIU
100 _aWENJI,LIU.
_991646
245 _aBRIDGE CULTURE /
_cLIU WENJI.
260 _aSK KATARIA ;
_c2016.
300 _a366 P. ;
942 _2ddc
_cBK
999 _c589781
_d589781